The true Catholike : Collected out of the oracles, and psalteries of the Holy Ghost. for instruction, deuotion. By Thomas Packer his Majesties seruant.

Bibliographic Details
Other Authors: Packer, Thomas, fl. 1628-1637, Fernández de Ribera, Rodrigo, 1579-1631
Format: eBook
Language:English
Published: London : Printed by George Miller for Edward Blackmore, and are to be sold at his shop in Pauls church yard at the signe of the Angel, 1632.
Edition:The third edition enlarged.
Series:Early English books online.
Subjects:
Online Access:Connect to the full text of this electronic book
Connect to the full text of this electronic book

MARC

Tag First Indicator Second Indicator Subfields
LEADER 00000nam a2200000 4500
001 in00004222655
005 20200806095843.0
006 m g d
007 cr bn |||a|bb|
008 910405s1632 enk o 00| | eng d
035 |a (UnM)99841525 
037 |a CL0036000036  |b ProQuest. 789 E. Eisenhower Parkway, Ann Arbor, MI 48108-3218 
037 |a CL0036000042  |b ProQuest. 789 E. Eisenhower Parkway, Ann Arbor, MI 48108-3218 
040 |a Cu-RivES  |c Cu-RivES  |d CStRLIN  |e dcrb  |d WaOLN 
245 1 4 |a The true Catholike :  |b Collected out of the oracles, and psalteries of the Holy Ghost. for instruction, deuotion. By Thomas Packer his Majesties seruant. 
246 2 |a Psalteries of the holy ghost. 
246 2 |a Psalmes in sicknesse. 
250 |a The third edition enlarged. 
260 |a London :  |b Printed by George Miller for Edward Blackmore, and are to be sold at his shop in Pauls church yard at the signe of the Angel,  |c 1632. 
300 |a 1 online resource ([24], 259, [1] pages) 
336 |a text  |b txt  |2 rdacontent 
337 |a computer  |b c  |2 rdamedia 
338 |a online resource  |b cr  |2 rdacarrier 
500 |a Compiled, and preface translated out of F. de Ribera, by Thomas Packer. 
500 |a K1r is a separate title page, with same imprint, reading: Psalteries of the Holy Ghost. 
500 |a L11r is a separate title page, with same imprint, reading: Psalmes in sicknesse. 
500 |a Formerly also STC 4831. 
500 |a Appears at reel 1324, æ (Cambridge University Library copy) and at reel 1511, #8 (Bodleian Library copy). 
500 |a Several leaves tightly bound. 
500 |a Reproduction of the original in the Cambridge University Library. 
500 |a Identifed as 4831 at 1511:8. 
510 4 |a STC (2nd edition)  |c 19086. 
533 |a Electronic reproduction.  |b Ann Arbor, Mich. :  |c UMI,  |d 1999-  |f (Early English books online)  |n Digital version of: (Early English books, 1475-1640 ; 1324:15, 1511:08)  |7 s1999 miun s 
630 0 4 |a Bible.  |l English.  |k Selections  |v Early works to 1800. 
630 0 4 |a Bible  |x Devotional use of  |v Early works to 1800. 
700 1 |a Packer, Thomas,  |d fl. 1628-1637. 
700 1 |a Fernández de Ribera, Rodrigo,  |d 1579-1631. 
830 0 |a Early English books online. 
856 4 0 |u http://proxy.library.tamu.edu/login?url=https://search.proquest.com/docview/2264177664  |z Connect to the full text of this electronic book  |t 0 
856 4 0 |u http://proxy.library.tamu.edu/login?url=https://search.proquest.com/docview/2248575509  |z Connect to the full text of this electronic book  |t 0 
999 f f |s e3ace3f3-8a3f-353b-9476-73096a80aaeb  |i 6d18f4bc-2755-3fbb-bad4-43f2e0f38a70  |t 0 
952 f f |a Texas A&M University  |b College Station  |c Electronic Resources  |d Available Online  |t 0  |h No information provided 
998 f f |t 0  |l Available Online